| 000 | 01300nam a22001937a 4500 | ||
|---|---|---|---|
| 005 | 20240124140055.0 | ||
| 010 | _aB-757141-152 | ||
| 020 |
_a9788195703708 _c495.00 |
||
| 035 | _aB-757141-152 | ||
| 037 | _bअक्षरेश एंटरप्राइज़ेज़ | ||
| 082 | _a000 | ||
| 245 |
_aBSSC/BPSSC/CSBC वस्तुनिष्ट समान्य अध्ययन बिहार प्रतियोगी परीक्षा : _cसंपादक एन.एन.ओझा |
||
| 260 |
_aउत्तर प्रदेश _bक्रॉनिकल पब्लिकेशन प्रा.लि. _c2023 |
||
| 270 |
_aए-27डी, सेक्टर-16, नोएडा _bउत्तर प्रदेश _e201301 |
||
| 300 |
_a492पृ. _c27सेमी(अजिल्द) |
||
| 700 |
_aओझा,एन.एन. _eसंपादक _961076 |
||
| 942 |
_2ddc _cHN _h000 _mवस्तु |
||
| 999 |
_c200304 _d200304 |
||